Propuesta de una reingeniería de procesos a una industria dulcera como estrategia para ser el líder de su corporativo /

I tiakina i:
Ngā taipitopito rārangi puna kōrero
Kaituhi matua: Gutiérrez Barba, Luis Alejandro (autor)
Hōputu: Tuhinga whakapae Pukapuka
Reo:Pāniora
Ngā marau:
Ngā Tūtohu: Tāpirihia he Tūtohu
Kāore He Tūtohu, Me noho koe te mea tuatahi ki te tūtohu i tēnei pūkete!

MARC

LEADER 00000nam^a2200000^a^4500
001 000183631
005 20250521000000.0
009 20260310102048.04
037 |a Acervo ITESO - Biblioteca 
041 |a ESP 
090 |a IIN. 516 
100 |a Gutiérrez Barba, Luis Alejandro  |e (autor) 
245 1 0 |a Propuesta de una reingeniería de procesos a una industria dulcera como estrategia para ser el líder de su corporativo /  |c L.A. Gutiérrez Barba. 
264 |a Guadalajara, México :  |b edición de autor,  |c 2005 
300 |a 1 disco compacto de computadora 
336 |a datos para computadora  |b cod  |2 rdacontenido 
337 |a computadora  |b c  |2 rdamedio 
338 |a disco de computadora  |b cd  |2 rdasoporte 
502 |a ITESO Tesis de Licenciatura en Ingeniería Industrial 
649 |a XX 
650 |a Dulces y Chocolates -  |z Guadalajara, Jalisco -  |x Industria y Comercio 
650 |a Dulces y Chocolates -  |z Jalisco -  |x Industria y Comercio 
650 |a Dulces y Chocolates -  |z México -  |x Industria y Comercio 
650 |a Industria Alimenticia -  |z Guadalajara, Jalisco 
650 |a Industria Alimenticia -  |z Jalisco 
650 |a Industria Alimenticia -  |z México 
650 |a Empresas -  |x Administración 
650 |a Productividad 
650 |a Calidad del Producto 
650 |a Control de Calidad 
650 |a Proceso de Producción 
650 |a Administración del Producto 
650 |a Competitividad 
650 |a Competencia (Economía) 
650 |a Cambio Organizacional 
650 |a Desarrollo Organizacional 
650 |a Reingeniería 
650 |a Proceso Administrativo -  |x Dirección 
650 |a Administración 
650 |a Ciencias Administrativas 
910 |a Fondo General 
920 |a Electrónicos - Tesis del ITESO en Disco 
905 |a 202 
901 |a 0500124191  |b IT2  |c STS  |u 20250521 
902 |a https://opac.biblio.iteso.mx/vufind/Record/000183631